Ricostruisci la Carriera del Calciatore - Rafinha - Statistics

Statistiche generali
  • Questo quiz è stato fatto 6 volte
  • Il punteggio medio è 3 su 10
Statistiche sulle risposte
Hint Risposta % Corretto
2010-2013 Barcellona B
100%
2011-2013 Barcellona
83%
2013-2014 Celta Vigo
50%
2022- Al-Arabi
33%
2022 Real Sociedad
33%
2018 Inter
17%
2020-2022 Paris Saint-Germain
17%
2014-2018 Barcellona
0%
2018-2019 Barcellona
0%
2019-2020 Celta Vigo
0%
Nessun quiz corrispondente trovato
Distribuzione punteggi
Percentuale di utenti per punteggio
Percentile per numero di risposta
I tuoi punteggi nel tempo
Non hai fatto questo quiz